Health care seeking behaviour of mother;s having under 24 months old child attending out patient (Record no. 85146)
[ view plain ]
| 000 -LEADER | |
|---|---|
| fixed length control field | 00531nam a22001697a 4500 |
| 008 - FIXED-LENGTH DATA ELEMENTS--GENERAL INFORMATION | |
| fixed length control field | 190527b xxu||||| |||| 00| 0 eng d |
| 082 ## - DEWEY DECIMAL CLASSIFICATION NUMBER | |
| Classification number | 362.10852/Up7h |
| 100 ## - MAIN ENTRY--PERSONAL NAME | |
| Personal name | Uprety, Kamala |
| 245 ## - TITLE STATEMENT | |
| Title | Health care seeking behaviour of mother;s having under 24 months old child attending out patient |
| 260 ## - PUBLICATION, DISTRIBUTION, ETC. | |
| Place of publication, distribution, etc. | Kathmandu: |
| Name of publisher, distributor, etc. | TU Research Center, |
| Date of publication, distribution, etc. | 2073. |
| 300 ## - PHYSICAL DESCRIPTION | |
| Extent | viii, 39p.illus. |
| 500 ## - GENERAL NOTE | |
| General note | Research report |
| 650 ## - SUBJECT ADDED ENTRY--TOPICAL TERM | |
| Topical term or geographic name entry element | Social service |
| 9 (RLIN) | 2455 |
| 650 ## - SUBJECT ADDED ENTRY--TOPICAL TERM | |
| Topical term or geographic name entry element | Health facilities |
| 9 (RLIN) | 10449 |
| 650 ## - SUBJECT ADDED ENTRY--TOPICAL TERM | |
| Topical term or geographic name entry element | Mothers |
| 942 ## - ADDED ENTRY ELEMENTS (KOHA) | |
| Source of classification or shelving scheme | Dewey Decimal Classification |
| Koha item type | Theses and Dissertations |
| Withdrawn status | Lost status | Source of classification or shelving scheme | Damaged status | Not for loan | Home library | Current library | Date acquired | Total Checkouts | Full call number | Barcode | Date last seen | Price effective from | Koha item type |
|---|---|---|---|---|---|---|---|---|---|---|---|---|---|
| Dewey Decimal Classification | Tribhuvan University Central Library | Tribhuvan University Central Library | 05/27/2019 | 362.10852/Up7h | G79921 | 05/27/2019 | 05/27/2019 | Theses and Dissertations |
